000 00507nam a2200193Ia 4500
005 20250326145421.0
008 250326s9999 xx 000 0 und d
037 _aTextbook
040 _aFMSL
_beng
_cFMSL
041 _aeng
_2eng
084 _qFMSL
100 _aJones P
_965969
245 0 _aStrategy mapping for learning organizations
_cJones P
260 _aUnited Kingdom
_bUnited Kingdom, Gower
_c2015
365 _b3495
650 _aManagement
942 _cTB
999 _c1307507
_d1307507